[Event "ch-FRA w 2016"]
[Site "Agen FRA"]
[Date "2016.08.13"]
[Round "1.1"]
[White "Skripchenko, Almira"]
[Black "Safranska, Anda"]
[Result "1-0"]
[WhiteTitle "IM"]
[BlackTitle "WGM"]
[WhiteElo "2452"]
[BlackElo "2226"]
[WhiteFideId "13900145"]
[BlackFideId "11600209"]
[EventDate "2016.08.13"]

1. e4 g6 2. d4 Bg7 3. Nc3 d6 4. Be2 a6 5. f4 b5 6. Bf3 Nd7 7. e5 Rb8 8. Be3 Nb6
9. Qe2 Nc4 10. O-O-O Nxe3 11. Qxe3 Nh6 12. h3 Nf5 13. Qf2 e6 14. g4 Ne7 15. Nge2
b4 16. Ne4 Bb7 17. h4 Bxe4 18. Bxe4 h5 19. gxh5 Rxh5 20. Ng3 Rh8 21. h5 d5 22.
Bd3 Kd7 23. hxg6 fxg6 24. Ne2 a5 25. Rhg1 Rh6 26. Rg5 a4 27. Rdg1 b3 28. a3 Bf8
29. Nc3 Ra8 30. Nxa4 Nf5 31. Bxf5 gxf5 32. cxb3 Qb8 33. Qc2 Rh7 34. Kb1 Qa7 35.
Rc1 Qb7 36. Rg8 1-0

[Event "ch-FRA w 2016"]
[Site "Agen FRA"]
[Date "2016.08.13"]
[Round "1.2"]
[White "Navrotescu, Andreea-Cristiana"]
[Black "Collas, Silvia"]
[Result "0-1"]
[WhiteTitle "WIM"]
[BlackTitle "IM"]
[WhiteElo "2297"]
[BlackElo "2296"]
[WhiteFideId "675946"]
[BlackFideId "2902265"]
[EventDate "2016.08.13"]

1. d4 Nf6 2. c4 e6 3. Nc3 Bb4 4. e3 b6 5. Ne2 Ba6 6. Ng3 h5 7. h4 Bb7 8. Bd2 Bd6
9. Rh3 g6 10. f3 c5 11. d5 O-O 12. e4 exd5 13. exd5 Re8+ 14. Be2 Be5 15. Kf1 d6
16. f4 Bd4 17. Nb5 Bc8 18. Nxd4 Bxh3 19. gxh3 cxd4 20. Be1 Ne4 21. Bf3 Nxg3+ 22.
Bxg3 Qf6 23. Qa4 Re7 24. Kg2 Nd7 25. Rf1 Rc8 26. Qxa7 Rxc4 27. Rf2 Nc5 28. Qxb6
Nd3 29. Be2 Ne1+ 30. Kg1 Rc1 31. Bf1 Re3 32. Kh2 Nf3+ 33. Rxf3 Rxf3 34. Bg2 Rc2
35. a4 Re3 36. a5 Ree2 0-1

[Event "ch-FRA w 2016"]
[Site "Agen FRA"]
[Date "2016.08.13"]
[Round "1.3"]
[White "Maisuradze, Nino"]
[Black "Milliet, Sophie"]
[Result "1/2-1/2"]
[WhiteTitle "WGM"]
[BlackTitle "IM"]
[WhiteElo "2297"]
[BlackElo "2354"]
[WhiteFideId "13601717"]
[BlackFideId "623725"]
[EventDate "2016.08.13"]

1. d4 Nf6 2. Nf3 d5 3. c4 e6 4. Nc3 dxc4 5. e4 Bb4 6. e5 Nd5 7. Bd2 Nb6 8. Be2
Bd7 9. O-O Bc6 10. Be3 N8d7 11. Rc1 Nd5 12. Bxc4 N7b6 13. Bd3 Be7 14. Qe2 Qd7
15. Rfd1 O-O-O 16. Nd2 f5 17. Nb3 Rhf8 18. Na5 Nxc3 19. bxc3 Bxg2 20. Kxg2 Qd5+
21. f3 Qxa5 22. c4 Na4 23. Qc2 Ba3 24. Rb1 Nc3 25. Bd2 Nxd1 26. Qxd1 Qa6 27. Bc3
c5 28. Qb3 cxd4 29. c5 Qc6 30. Ba5 Bxc5 31. Bb5 Qd5 32. Bc4 Qc6 33. Bb5 Qd5 34.
Bc4 Qc6 35. Bb5 1/2-1/2

[Event "ch-FRA w 2016"]
[Site "Agen FRA"]
[Date "2016.08.13"]
[Round "1.4"]
[White "Benmesbah, Natacha"]
[Black "Bollengier, Andreea"]
[Result "1-0"]
[WhiteTitle "WIM"]
[BlackTitle "WIM"]
[WhiteElo "2244"]
[BlackElo "2233"]
[WhiteFideId "642002"]
[BlackFideId "1203347"]
[EventDate "2016.08.13"]

1. e4 c5 2. Nf3 Nf6 3. e5 Nd5 4. b3 g6 5. d4 Bg7 6. c4 Nc7 7. dxc5 Nc6 8. Bb2
Ne6 9. a3 Nxc5 10. b4 Ne6 11. Qd2 Qc7 12. Qe3 O-O 13. Bd3 Qb8 14. Bc3 b6 15. O-O
Bb7 16. Ra2 f6 17. exf6 Bxf6 18. Be4 Qf4 19. Bd5 Qxe3 20. fxe3 Nd8 21. Bxf6 exf6
22. Nc3 Rc8 23. Ne4 Bxd5 24. cxd5 Ng7 25. Nd4 Ne8 26. g4 Nb7 27. Rc2 Rxc2 28.
Nxc2 Nbd6 29. Ng3 Nc7 30. Rd1 Re8 31. Ne2 Re4 32. h3 Rc4 33. Ne1 Kf7 34. Kf2
Ncb5 35. Rd3 Ne4+ 36. Kf3 Ng5+ 37. Kg2 Ne4 38. a4 Nbd6 39. Rd4 Rc1 40. Nxc1 1-0

[Event "ch-FRA w 2016"]
[Site "Agen FRA"]
[Date "2016.08.13"]
[Round "1.5"]
[White "Monpeurt, Cyrielle"]
[Black "Fischer, Julie"]
[Result "1-0"]
[WhiteTitle "WFM"]
[BlackTitle "WFM"]
[WhiteElo "2136"]
[BlackElo "2071"]
[WhiteFideId "677400"]
[BlackFideId "699969"]
[EventDate "2016.08.13"]

1. e4 c5 2. Nc3 g6 3. Nf3 Bg7 4. d4 cxd4 5. Nxd4 Nc6 6. Be3 Nf6 7. Nxc6 bxc6 8.
e5 Ng8 9. Bd4 Qc7 10. f4 f6 11. Qe2 fxe5 12. Bxe5 Bxe5 13. fxe5 Nh6 14. O-O-O
Nf7 15. Re1 Rb8 16. h4 Qb6 17. Nd1 Qa5 18. a3 Rb5 19. e6 dxe6 20. Qe4 Rd5 21.
Nc3 Nd6 22. Qe3 Nf5 23. Qf3 O-O 24. Bc4 Rd6 25. h5 Ng7 26. Qe3 Nxh5 27. Ne4 Rdd8
28. Nc5 Nf4 29. Nxe6 Bxe6 30. Bxe6+ Nxe6 31. Qxe6+ Rf7 32. Rxh7 Qxe1+ 33. Qxe1
Kxh7 34. b4 Rd5 35. Qe6 Rdf5 36. Qxc6 e5 37. Qe4 Kg7 38. Kb2 Re7 39. g3 Rf2 40.
Kb3 Rd2 41. c3 Rdd7 42. a4 Kf6 43. b5 Re6 44. Kb4 Red6 45. Qh4+ Kf5 46. a5 g5
47. Qh3+ Ke4 48. Qg4+ Kd3 49. Qxg5 e4 50. Qf5 Rd5 51. Qf1+ Kd2 52. Qf2+ Kd3 53.
Qf1+ Kd2 54. c4 Rd4 55. Qf2+ Kd3 56. Kb3 Rb7 57. g4 Rdd7 58. Qc2+ Ke3 59. Kb4
Kf3 60. Qc3+ e3 61. c5 Rd1 62. Qf6+ Kxg4 63. Qg6+ Kf4 64. c6 Rxb5+ 65. Kxb5 e2
66. Qf6+ Kg3 67. Qe5+ Kf2 68. Qf4+ Kg2 69. Qe4+ Kf2 70. c7 1-0

[Event "ch-FRA w 2016"]
[Site "Agen FRA"]
[Date "2016.08.14"]
[Round "2.1"]
[White "Bollengier, Andreea"]
[Black "Navrotescu, Andreea-Cristiana"]
[Result "1-0"]
[WhiteTitle "WIM"]
[BlackTitle "WIM"]
[WhiteElo "2233"]
[BlackElo "2297"]
[WhiteFideId "1203347"]
[BlackFideId "675946"]
[EventDate "2016.08.13"]

1. e4 e6 2. d4 d5 3. Nd2 Nf6 4. e5 Nfd7 5. Bd3 c5 6. c3 Nc6 7. Ngf3 g6 8. O-O
Bg7 9. b3 Qb6 10. Bb2 O-O 11. Qe2 a5 12. Bb5 Re8 13. Rfe1 a4 14. bxa4 c4 15. Ba3
Na7 16. Bc5 Qa5 17. Bb4 Qd8 18. Reb1 Nxb5 19. axb5 Nb6 20. a4 Rxa4 21. Ba5 Rxa1
22. Rxa1 Bd7 23. Nf1 Qc7 24. Ne1 Bf8 25. Ne3 Be7 26. Ng4 Kh8 27. Qd2 g5 28. h4
gxh4 29. Qh6 Bf8 30. Qf6+ Kg8 31. Qxh4 Bg7 32. Nf6+ Bxf6 33. exf6 Kh8 34. Qh6
Rg8 35. Bxb6 Qxb6 36. Ra8 1-0

[Event "ch-FRA w 2016"]
[Site "Agen FRA"]
[Date "2016.08.14"]
[Round "2.2"]
[White "Milliet, Sophie"]
[Black "Monpeurt, Cyrielle"]
[Result "1-0"]
[WhiteTitle "IM"]
[BlackTitle "WFM"]
[WhiteElo "2354"]
[BlackElo "2136"]
[WhiteFideId "623725"]
[BlackFideId "677400"]
[EventDate "2016.08.13"]

1. e4 e5 2. Nf3 Nc6 3. Bc4 Bc5 4. O-O Nf6 5. d3 d6 6. c3 a6 7. Re1 O-O 8. h3 Ba7
9. Bb3 Be6 10. Nbd2 Bxb3 11. Qxb3 Nh5 12. Nf1 Qd7 13. Be3 Rab8 14. d4 Rfe8 15.
Qd1 Qe7 16. d5 Bxe3 17. Nxe3 Na7 18. Nf5 Qf6 19. Nxe5 Rxe5 20. Qxh5 Rbe8 21. Qg4
c6 22. dxc6 bxc6 23. Ng3 Rb8 24. Rad1 Rxb2 25. f4 Re6 26. f5 Re8 27. e5 Qe7 28.
Nh5 1-0

[Event "ch-FRA w 2016"]
[Site "Agen FRA"]
[Date "2016.08.14"]
[Round "2.3"]
[White "Skripchenko, Almira"]
[Black "Maisuradze, Nino"]
[Result "1-0"]
[WhiteTitle "IM"]
[BlackTitle "WGM"]
[WhiteElo "2452"]
[BlackElo "2297"]
[WhiteFideId "13900145"]
[BlackFideId "13601717"]
[EventDate "2016.08.13"]

1. e4 c5 2. Nc3 Nc6 3. g3 g6 4. Bg2 Bg7 5. d3 d6 6. Be3 Rb8 7. Qd2 b5 8. Nge2
Nd4 9. O-O b4 10. Nd1 e6 11. h4 h5 12. a3 a5 13. axb4 Nxe2+ 14. Qxe2 axb4 15. e5
Bxe5 16. Bxc5 Qc7 17. Ba7 Rb7 18. Be3 Ne7 19. d4 Bg7 20. Bxb7 Qxb7 21. c4 Nf5
22. d5 O-O 23. Ra7 Qb8 24. Ra5 exd5 25. cxd5 Bd7 26. Qd2 Re8 27. Ba7 Qd8 28.
Qxb4 g5 29. Bb6 Qf6 30. Ra7 Nxh4 31. gxh4 Bh3 32. Re1 Rxe1+ 33. Qxe1 gxh4 34.
Qe8+ Kh7 35. Ne3 Kg6 36. Qe4+ Kh6 37. Ng2 Bf5 38. Qxh4 Qe5 39. Be3+ 1-0

[Event "ch-FRA w 2016"]
[Site "Agen FRA"]
[Date "2016.08.14"]
[Round "2.4"]
[White "Safranska, Anda"]
[Black "Collas, Silvia"]
[Result "1/2-1/2"]
[WhiteTitle "WGM"]
[BlackTitle "IM"]
[WhiteElo "2226"]
[BlackElo "2296"]
[WhiteFideId "11600209"]
[BlackFideId "2902265"]
[EventDate "2016.08.13"]

1. e4 e5 2. Nf3 Nc6 3. Bb5 a6 4. Ba4 Nf6 5. d3 d6 6. c3 g6 7. Nbd2 Bg7 8. Nf1
O-O 9. Ng3 b5 10. Bc2 d5 11. O-O Re8 12. a4 Bb7 13. Qe2 d4 14. Rd1 Qd6 15. h3
Nd7 16. Bd2 Nc5 17. cxd4 exd4 18. b4 Nxa4 19. Bxa4 bxa4 20. Rxa4 Na7 21. Qf1 Nb5
22. Ne2 Qd7 23. Ra5 f5 24. exf5 Bxf3 25. gxf3 Qxf5 26. Ng3 Qxf3 27. Re1 Be5 28.
Ne4 Nc3 29. Ng5 Qf6 30. Qg2 Bf4 31. Bxc3 dxc3 32. Qd5+ Kh8 33. Ne4 Qg7 34. Qc4
Rad8 35. Rc5 Qd4 36. Qxd4+ Rxd4 37. Kf1 Rxb4 38. Nxc3 Rf8 39. Ne4 Rd8 40. Rc3 a5
41. Ra3 Rb5 42. Rea1 Ra8 43. Ra4 g5 44. Ke2 Kg7 45. Kf3 Kg6 46. h4 Rf5 47. Kg4
h5+ 48. Kh3 g4+ 49. Kg2 Rd5 50. R1a3 Be5 51. f3 Bd4 52. fxg4 hxg4 53. Rc4 Rb8
54. Ra2 Be5 55. Ng3 Rxd3 56. Rxg4+ Kh7 57. Ne2 Rb2 58. Rxb2 Bxb2 59. Ra4 Ra3 60.
Rc4 Be5 61. Re4 Bd6 62. Kf2 Rb3 63. Ke1 Rd3 64. Nf4 Bb4+ 65. Ke2 Rd2+ 66. Ke3
Rd1 67. Rc4 Bd6 68. Ne2 Ra1 69. Kd3 a4 70. Nc3 a3 71. Kc2 Kh6 72. Ra4 Kh5 73.
Kb3 Rh1 74. Ra8 Rh3 75. Kc2 Rxh4 76. Nb5 Rh2+ 77. Kd3 a2 78. Nxd6 cxd6 79. Kc3
Kg5 80. Kd3 Kf5 81. Ra5+ Ke6 82. Kc3 d5 83. Kd4 Rg2 84. Ra6+ Kd7 85. Kxd5 1/2-1/2

[Event "ch-FRA w 2016"]
[Site "Agen FRA"]
[Date "2016.08.14"]
[Round "2.5"]
[White "Fischer, Julie"]
[Black "Benmesbah, Natacha"]
[Result "1-0"]
[WhiteTitle "WFM"]
[BlackTitle "WIM"]
[WhiteElo "2071"]
[BlackElo "2244"]
[WhiteFideId "699969"]
[BlackFideId "642002"]
[EventDate "2016.08.13"]

1. e4 c5 2. Nc3 Nc6 3. Bb5 Nd4 4. Bc4 a6 5. a4 e6 6. Nge2 Nf6 7. O-O Nc6 8. d3
Be7 9. Ng3 O-O 10. Nh5 Nxh5 11. Qxh5 Nd4 12. Qd1 f5 13. exf5 Nxf5 14. Ne2 b6 15.
d4 d5 16. Ba2 Kh8 17. c3 Bd6 18. g3 Qf6 19. Bb1 Bd7 20. Bxf5 Qxf5 21. Bf4 Bxf4
22. Nxf4 cxd4 23. cxd4 Rac8 24. b3 Qg5 25. h4 Qf6 26. Qd2 b5 27. axb5 Bxb5 28.
Rfe1 Rfe8 29. Re5 Kg8 30. Rae1 Bd7 31. Qe2 Rb8 32. Qxa6 Rxb3 33. Qa7 Bc8 34. Qa4 1-0

[Event "ch-FRA w 2016"]
[Site "Agen FRA"]
[Date "2016.08.15"]
[Round "3.1"]
[White "Maisuradze, Nino"]
[Black "Safranska, Anda"]
[Result "1-0"]
[WhiteTitle "WGM"]
[BlackTitle "WGM"]
[WhiteElo "2297"]
[BlackElo "2226"]
[WhiteFideId "13601717"]
[BlackFideId "11600209"]
[EventDate "2016.08.13"]

1. d4 d6 2. e4 Nf6 3. Nc3 g6 4. f4 Bg7 5. Nf3 O-O 6. e5 Nfd7 7. h4 c5 8. e6 fxe6
9. h5 cxd4 10. Nxd4 Nf6 11. hxg6 hxg6 12. Bd3 Kf7 13. Nf3 Nc6 14. Ng5+ Ke8 15.
Bxg6+ Kd7 16. Qe2 Kc7 17. Nxe6+ Bxe6 18. Qxe6 Rh8 19. Rh3 Rxh3 20. Qxh3 a6 21.
Be3 Qh8 22. Bf5 Qxh3 23. Bxh3 Rh8 24. O-O-O Rh4 25. Be6 Nd8 26. Bc4 Bh6 27. Rf1
b5 28. Bd3 e6 29. Bd2 Rg4 30. Rf2 d5 31. Ne2 Nc6 32. c3 Kd6 33. Kc2 Nh5 34. f5
Bxd2 35. Kxd2 exf5 36. Bxf5 Rg5 37. Bc8 a5 38. g4 Ng7 39. Nd4 Nxd4 40. cxd4 Kc7
41. Bf5 Ne8 42. Ke3 Rg7 43. Kf4 Kd6 44. Rh2 Nf6 45. g5 Ne8 46. Rh6+ Kc7 47. Rh7 1-0

[Event "ch-FRA w 2016"]
[Site "Agen FRA"]
[Date "2016.08.15"]
[Round "3.2"]
[White "Navrotescu, Andreea-Cristiana"]
[Black "Fischer, Julie"]
[Result "1-0"]
[WhiteTitle "WIM"]
[BlackTitle "WFM"]
[WhiteElo "2297"]
[BlackElo "2071"]
[WhiteFideId "675946"]
[BlackFideId "699969"]
[EventDate "2016.08.13"]

1. d4 Nf6 2. c4 c5 3. d5 b5 4. Qc2 bxc4 5. e4 d6 6. Bxc4 g6 7. Nc3 Bg7 8. f4 O-O
9. Nf3 Nfd7 10. O-O Nb6 11. Be2 e6 12. dxe6 fxe6 13. Be3 Qe7 14. Rad1 N8d7 15.
Qd2 d5 16. exd5 Bxc3 17. bxc3 exd5 18. Bf2 Qf6 19. Bg3 Bb7 20. f5 Rae8 21. fxg6
hxg6 22. Bd3 Qg7 23. Qg5 Re6 24. Rfe1 Rff6 25. Ne5 Nf8 26. Ng4 Nbd7 27. Nxf6+
Rxf6 28. Re8 Kf7 29. Rde1 Ne6 30. R8xe6 Rxe6 31. Rxe6 Kxe6 32. Bxg6 Qf6 33. Qg4+ 1-0

[Event "ch-FRA w 2016"]
[Site "Agen FRA"]
[Date "2016.08.15"]
[Round "3.3"]
[White "Benmesbah, Natacha"]
[Black "Milliet, Sophie"]
[Result "0-1"]
[WhiteTitle "WIM"]
[BlackTitle "IM"]
[WhiteElo "2244"]
[BlackElo "2354"]
[WhiteFideId "642002"]
[BlackFideId "623725"]
[EventDate "2016.08.13"]

1. e4 c5 2. Nf3 d6 3. Bb5+ Nd7 4. d4 cxd4 5. Qxd4 a6 6. Be2 Ngf6 7. O-O e5 8.
Qe3 Nc5 9. Nc3 Be7 10. a4 O-O 11. b3 Bd7 12. Ba3 Rc8 13. Rfd1 Qe8 14. h3 h6 15.
a5 Be6 16. b4 Ncd7 17. Rd2 Rxc3 18. Qxc3 Nxe4 19. Qe3 Nxd2 20. Nxd2 d5 21. c4 d4
22. Qe4 Qc8 23. Bf3 f5 24. Qxb7 e4 25. Qxc8 Rxc8 26. Bd1 e3 27. Nf3 Bf6 28. fxe3
dxe3 29. Rc1 g5 30. Be2 g4 31. hxg4 fxg4 32. Nh2 Ne5 33. Bb2 Nd3 34. Bxd3 Bxb2
35. Rc2 Ba3 36. c5 Bxb4 37. c6 Bxa5 38. Bxa6 Bb6 39. Be2 h5 40. Nf1 Bf5 41. Rc3
h4 42. Nxe3 Bd4 43. Ra3 Rxc6 44. Kf2 Rc1 45. Ra4 g3+ 46. Kf3 Bxe3 47. Kxe3 h3
48. Kd4 0-1

[Event "ch-FRA w 2016"]
[Site "Agen FRA"]
[Date "2016.08.15"]
[Round "3.4"]
[White "Collas, Silvia"]
[Black "Bollengier, Andreea"]
[Result "1/2-1/2"]
[WhiteTitle "IM"]
[BlackTitle "WIM"]
[WhiteElo "2296"]
[BlackElo "2233"]
[WhiteFideId "2902265"]
[BlackFideId "1203347"]
[EventDate "2016.08.13"]

1. c4 c5 2. g3 Nc6 3. Bg2 g6 4. Nc3 Bg7 5. e4 e6 6. d3 Nge7 7. Nge2 d6 8. O-O
O-O 9. a3 b6 10. Rb1 Bb7 11. b4 Nd4 12. Nxd4 cxd4 13. Ne2 Qd7 14. a4 a5 15. b5
f5 16. Qb3 Kh8 17. Nf4 e5 18. Nd5 Nxd5 19. exd5 Rae8 20. Re1 f4 21. Qd1 Bc8 22.
gxf4 exf4 23. Rxe8 Qxe8 24. Bf3 Qe7 25. Ba3 Be5 26. Qe2 Qf6 27. Kh1 Rf7 28. Re1
Re7 29. Bb2 Rf7 30. Ba3 Re7 31. Bb2 Rf7 32. Ba3 Re7 33. Bb2 Rf7 1/2-1/2

[Event "ch-FRA w 2016"]
[Site "Agen FRA"]
[Date "2016.08.15"]
[Round "3.5"]
[White "Monpeurt, Cyrielle"]
[Black "Skripchenko, Almira"]
[Result "0-1"]
[WhiteTitle "WFM"]
[BlackTitle "IM"]
[WhiteElo "2136"]
[BlackElo "2452"]
[WhiteFideId "677400"]
[BlackFideId "13900145"]
[EventDate "2016.08.13"]

1. e4 d6 2. d4 Nf6 3. Nc3 g6 4. Bg5 Bg7 5. f4 O-O 6. Qd2 a6 7. Nf3 b5 8. Bd3 Bb7
9. a3 Nbd7 10. O-O c5 11. dxc5 Nxc5 12. Rae1 Rc8 13. Kh1 Re8 14. Qf2 h6 15. Bh4
Nh7 16. Nd2 Nxd3 17. cxd3 Bxc3 18. bxc3 Rxc3 19. e5 Rxd3 20. e6 f5 21. Re3 Rxe3
22. Qxe3 Qc8 23. Nb3 Qc4 24. Rc1 Qd5 25. Qg3 Qxe6 26. Nd4 Qf7 27. Rc7 Rc8 28.
Rxc8+ Bxc8 29. Nc6 Qe6 30. Nxe7+ Kf7 31. Qc3 Qe2 32. h3 Bb7 33. Qg3 Nf8 34. Qb3+
Ne6 35. Nd5 Qe4 36. Qc3 Qxd5 37. Qf6+ Kg8 38. Qxg6+ Ng7 39. Bf6 Qf7 40. Qxh6 Bc6
41. Qg5 Be4 42. Kg1 Qa7+ 43. Kh2 a5 44. h4 Qf7 45. Kg1 b4 46. axb4 axb4 47. h5
Kh7 48. Bb2 Nxh5 49. Qd8 Ng7 50. Qxd6 Qg6 51. Qd2 Ne6 52. Qd7+ Kh6 53. Qd2 Qg3
54. Be5 Kg6 55. Bd6 Nd4 56. Kh1 Nf3 0-1

[Event "ch-FRA w 2016"]
[Site "Agen FRA"]
[Date "2016.08.16"]
[Round "4.2"]
[White "Maisuradze, Nino"]
[Black "Monpeurt, Cyrielle"]
[Result "1-0"]
[WhiteTitle "WGM"]
[BlackTitle "WFM"]
[WhiteElo "2297"]
[BlackElo "2136"]
[WhiteFideId "13601717"]
[BlackFideId "677400"]
[EventDate "2016.08.13"]

1. d4 Nf6 2. c4 c5 3. d5 e6 4. Nf3 exd5 5. cxd5 d6 6. a4 g6 7. Ra3 Bg7 8. Re3+
Kf8 9. Ra3 Ke7 10. Nc3 Re8 11. Nd2 Kf8 12. e4 a6 13. a5 Nbd7 14. Be2 Kg8 15. O-O
Rb8 16. Qc2 Ne5 17. f4 Neg4 18. Nf3 b5 19. axb6 Qxb6 20. Bc4 Nh5 21. Rb3 Qa7 22.
Rxb8 Qxb8 23. h3 Ngf6 24. g4 Ng3 25. Re1 Qb4 26. Qd3 h5 27. Kg2 h4 28. Re3 Bh6
29. Re1 Bg7 30. Kf2 Nfxe4+ 31. Nxe4 Nxe4+ 32. Rxe4 Rxe4 33. Qxe4 Bd4+ 34. Nxd4
Qxc4 35. Qe8+ Kg7 36. Ne2 Bb7 37. Bd2 Qxd5 38. Bc3+ f6 39. Qe7+ Kg8 40. Qe8+ Kg7
41. Qe7+ Kg8 42. Qxf6 Qg2+ 43. Ke1 Qh1+ 44. Kd2 Qd5+ 45. Kc2 Qe4+ 46. Kb3 1-0

[Event "ch-FRA w 2016"]
[Site "Agen FRA"]
[Date "2016.08.16"]
[Round "4.3"]
[White "Milliet, Sophie"]
[Black "Navrotescu, Andreea-Cristiana"]
[Result "1-0"]
[WhiteTitle "IM"]
[BlackTitle "WIM"]
[WhiteElo "2354"]
[BlackElo "2297"]
[WhiteFideId "623725"]
[BlackFideId "675946"]
[EventDate "2016.08.13"]

1. e4 e6 2. d4 d5 3. Nc3 Bb4 4. e5 c5 5. a3 Bxc3+ 6. bxc3 Ne7 7. h4 Qa5 8. Bd2
Nbc6 9. h5 h6 10. Qg4 Qa4 11. Qxg7 Rg8 12. Qxh6 cxd4 13. Qf4 Qxc2 14. Rc1 Qe4+
15. Qxe4 dxe4 16. cxd4 Nxd4 17. Rc4 Nb3 18. Bb4 Bd7 19. Rh3 b5 20. Rxe4 Na1 21.
Re2 Nf5 22. Ra2 Nd4 23. Bc3 Nab3 24. h6 Rc8 25. h7 Rh8 26. Rg3 a5 27. Rg8+ Ke7
28. Rxh8 Rxh8 29. Bxd4 Nxd4 30. Bd3 f5 31. exf6+ Kxf6 32. Ne2 Nb3 33. Rc2 Ke7
34. g4 b4 35. axb4 a4 36. g5 e5 37. g6 Kf6 38. Rc7 a3 39. Nc3 1-0

[Event "ch-FRA w 2016"]
[Site "Agen FRA"]
[Date "2016.08.16"]
[Round "4.4"]
[White "Safranska, Anda"]
[Black "Bollengier, Andreea"]
[Result "0-1"]
[WhiteTitle "WGM"]
[BlackTitle "WIM"]
[WhiteElo "2226"]
[BlackElo "2233"]
[WhiteFideId "11600209"]
[BlackFideId "1203347"]
[EventDate "2016.08.13"]

1. e4 c6 2. d3 d5 3. Nd2 e5 4. Ngf3 Bd6 5. g3 Nf6 6. Bg2 O-O 7. O-O Re8 8. Re1
Nbd7 9. b3 a5 10. a3 Bf8 11. Bb2 d4 12. h3 Nc5 13. Rf1 Qc7 14. Nh4 Ne6 15. Ndf3
b5 16. a4 Bb4 17. Qc1 bxa4 18. bxa4 Ba6 19. Ng5 Nxg5 20. Qxg5 h6 21. Qc1 c5 22.
f4 c4 23. Qd1 cxd3 24. cxd3 Bc3 25. Rc1 Rab8 26. Ba3 Bc8 27. Nf3 exf4 28. e5 Nd5
29. Bd6 Qb6 30. Bxb8 Ne3 31. Rb1 Bb4 32. Qe2 Nxf1 33. Qxf1 Qxb8 34. gxf4 Bd7 35.
Kh1 Qa7 36. Qd1 Be6 37. Nd2 Qd7 38. Kh2 Bxd2 39. Qxd2 Qxa4 40. Be4 Rc8 41. Rb2
Bb3 42. Kg3 Qa3 43. Qf2 Rd8 44. f5 a4 45. Re2 Qe7 46. Bg2 Qg5+ 47. Kh2 a3 48.
Re1 a2 49. Qb2 Qf4+ 50. Kh1 Rb8 51. f6 Rb5 52. Be4 g6 53. Qxd4 Bd5 54. Qa4 Rb1 0-1

[Event "ch-FRA w 2016"]
[Site "Agen FRA"]
[Date "2016.08.16"]
[Round "4.5"]
[White "Fischer, Julie"]
[Black "Collas, Silvia"]
[Result "0-1"]
[WhiteTitle "WFM"]
[BlackTitle "IM"]
[WhiteElo "2071"]
[BlackElo "2296"]
[WhiteFideId "699969"]
[BlackFideId "2902265"]
[EventDate "2016.08.13"]

1. e4 c5 2. Nf3 e6 3. b3 a6 4. Bb2 Nc6 5. c4 Nge7 6. Nc3 Nd4 7. g3 Nec6 8. Bg2
g6 9. O-O Bg7 10. Ne1 O-O 11. Rb1 b5 12. Nd3 Qb6 13. f4 Nb4 14. Nf2 Bb7 15. d3
f5 16. Qd2 Nbc6 17. Kh1 b4 18. Ne2 Nxe2 19. Qxe2 Nd4 20. Qd2 a5 21. Nh3 a4 22.
bxa4 Rxa4 23. a3 Rfa8 24. axb4 Rxb4 25. Rf2 Ra2 26. e5 Bxg2+ 27. Rxg2 d6 0-1

[Event "ch-FRA w 2016"]
[Site "Agen FRA"]
[Date "2016.08.17"]
[Round "5.1"]
[White "Navrotescu, Andreea-Cristiana"]
[Black "Skripchenko, Almira"]
[Result "1/2-1/2"]
[WhiteTitle "WIM"]
[BlackTitle "IM"]
[WhiteElo "2297"]
[BlackElo "2452"]
[WhiteFideId "675946"]
[BlackFideId "13900145"]
[EventDate "2016.08.13"]

1. d4 Nf6 2. c4 g6 3. Nf3 Bg7 4. g3 b6 5. Bg2 Bb7 6. O-O O-O 7. d5 Na6 8. Nc3
Nc5 9. Nd4 e5 10. Nb3 Nxb3 11. Qxb3 d6 12. Bg5 h6 13. Bd2 Nd7 14. Qc2 f5 15. b4
a5 16. a3 e4 17. Qb3 Ba6 18. Rac1 Ne5 19. Nd1 axb4 20. axb4 g5 21. f3 exf3 22.
exf3 f4 23. gxf4 gxf4 24. Bh3 Kh8 25. Kh1 Bc8 26. Bxc8 Qxc8 27. Nf2 Qf5 28. Bc3
Rg8 29. Ra1 Rae8 30. Ra7 Re7 31. Rg1 Ng6 32. Ng4 Kh7 33. Bxg7 Rgxg7 34. Qb1 Qf8
35. Nf2 Qf6 36. Ne4 Qe5 37. Qd3 Ref7 38. c5 bxc5 39. bxc5 dxc5 40. Nxc5 Rf5 41.
Ne6 Rd7 42. Rxc7 Rxc7 43. Nxc7 Rf6 44. Ne6 Qd6 45. Qc2 Qb8 46. Qc6 Qa7 47. Nf8+
Kg7 48. Rxg6+ Rxg6 49. Nxg6 Qf2 50. Qd7+ Kxg6 51. Qg4+ Kh7 52. Qf5+ 1/2-1/2

[Event "ch-FRA w 2016"]
[Site "Agen FRA"]
[Date "2016.08.17"]
[Round "5.2"]
[White "Benmesbah, Natacha"]
[Black "Maisuradze, Nino"]
[Result "1-0"]
[WhiteTitle "WIM"]
[BlackTitle "WGM"]
[WhiteElo "2244"]
[BlackElo "2297"]
[WhiteFideId "642002"]
[BlackFideId "13601717"]
[EventDate "2016.08.13"]

1. e4 c5 2. Nf3 Nc6 3. Bb5 d6 4. O-O Bd7 5. Re1 Nf6 6. c3 a6 7. Bf1 Bg4 8. d4
cxd4 9. cxd4 e5 10. d5 Nd4 11. Be3 Nxf3+ 12. gxf3 Bd7 13. a4 Nh5 14. Ra3 g5 15.
Rc3 Rg8 16. Kh1 Nf4 17. Qb3 Qb8 18. a5 Be7 19. Nd2 Bd8 20. Bb6 Ke7 21. Rec1 g4
22. fxg4 Bxb6 23. Qxb6 Rxg4 24. Rc7 Qg8 25. Rxd7+ Kxd7 26. Qxb7+ 1-0

[Event "ch-FRA w 2016"]
[Site "Agen FRA"]
[Date "2016.08.17"]
[Round "5.3"]
[White "Collas, Silvia"]
[Black "Milliet, Sophie"]
[Result "1/2-1/2"]
[WhiteTitle "IM"]
[BlackTitle "IM"]
[WhiteElo "2296"]
[BlackElo "2354"]
[WhiteFideId "2902265"]
[BlackFideId "623725"]
[EventDate "2016.08.13"]

1. Nf3 e6 2. c4 Nf6 3. Nc3 d5 4. d4 dxc4 5. e4 Bb4 6. Bxc4 Nxe4 7. O-O Nxc3 8.
bxc3 Be7 9. Ne5 O-O 10. Qg4 Nc6 11. Re1 f5 12. Nxc6 fxg4 13. Nxd8 Bxd8 14. Bxe6+
Bxe6 15. Rxe6 Bf6 16. Ba3 Rfe8 17. Rae1 Rxe6 18. Rxe6 Rd8 19. Re4 h5 20. f3 gxf3
21. gxf3 Kf7 22. Bb4 Rd5 23. Kf2 a5 24. Ba3 Rb5 25. Bc1 Rb1 26. Bf4 c6 27. Re2
b5 28. Bc7 b4 29. Bxa5 bxc3 30. Bxc3 c5 31. Ke3 Rd1 32. Re1 Bxd4+ 33. Ke4 Rxe1+
34. Bxe1 Ke6 35. Bg3 Bf6 36. a4 Bd8 37. Be5 g6 38. Bc3 Kd6 39. h3 Bh4 40. Be5+
Kc6 41. f4 Be1 42. Bf6 Bd2 43. Be5 Be1 44. Bf6 1/2-1/2